[Event "RUS GP rap"]
[Site "Serpukhov"]
[Date "2018.02.23"]
[Round "1"]
[White "Chervonnyy, Mikhail"]
[Black "Popov, Ivan1111"]
[Result "0-1"]
[WhiteElo "1961"]
[BlackElo "2608"]
[PlyCount "81"]
[EventDate "2018.02.23"]
[EventType "swiss (rapid)"]
[EventRounds "11"]
[EventCountry "RUS"]
[SourceTitle "CBM 183 Extra"]
[Source "ChessBase"]
[SourceDate "2018.04.19"]
[SourceVersion "1"]
[SourceVersionDate "2018.04.19"]
[SourceQuality "1"]

1. d4 Nf6 2. c4 b6 3. Nc3 Bb7 4. Bg5 Ne4 5. Nxe4 Bxe4 6. f3 Bg6 7. e4 f6 8. Bf4 e5 9. dxe5 Bb4+ 10. Bd2 Bxd2+ 11. Qxd2 fxe5 12. c5 Bf7 13. Qc3 Nc6 14. Bc4 Bxc4 15. Qxc4 Qg5 16. Kf1 0-0-0 17. cxb6 axb6 18. Ne2 Kb7 19. b4 Qd2 20. b5 Nd4 21. Nxd4 exd4 22. Qe2 Qxe2+ 23. Kxe2 c5 24. Kd3 Ra8 25. a4 Kc7 26. f4 Rhe8 27. Rhe1 Ra5 28. Ra2 Kd6 29. g4 Rf8 30. Rf1 g5 31. f5 Ke5 32. h4 gxh4 33. Rh1 Rfa8 34. Rxh4 Rxa4 35. Rxa4 Rxa4 36. Rxh7 c4+ 37. Kd2 Ra2+ 38. Kc1 Kxe4 39. f6 Rf2 40. g5 c3 41. Kd1 0-1